000 00806nam a2200241Ia 4500
003 OSt
005 20221005113302.0
006 a|||||r|||| 00| 0
007 ta
008 221004b |||||||| |||| 00| 0 pan d
020 _a8173801835 (hbk)
_c160
024 _a106301
037 _b503, 02/02/2011, H.K. Prakashan
_cTextual
040 _aCRL
_cCRL
_bpan
041 _2pan
_apan
082 _aO153:f, P6
100 _aਪਿਆਰਾ ਸਿੰਘ
245 0 _aਖੋਜ ਸਿਧਾਂਤ ਤੇ ਵਿਵਹਾਰ
260 _aਪਟਿਆਲਾ
_bਪੰਜਾਬੀ ਯੂਨੀਵਰਸਿਟੀ ਭਾਰਤ
_c2006
300 _a275ਪੰ
_ccm.
942 _hO153:f, P6
_cTEXL
_2cc
999 _c1027654
_d1027654